[Event "98th ch-GBR"]
[Site "Sheffield ENG"]
[Date "2011.08.02"]
[Round "8.27"]
[White "Foo,William J"]
[Black "Lalic,S"]
[Result "0-1"]
[WhiteElo "1893"]
[BlackElo "2277"]

1.d4 Nf6 2.c4 e6 3.g3 Bb4+ 4.Bd2 Bxd2+ 5.Nxd2 d6 6.Ngf3 Qe7 7.Bg2 O-O 8.O-O e5
9.Qc2 a5 10.h3 c6 11.e3 e4 12.Nh2 Re8 13.Rae1 d5 14.f3 Bf5 15.cxd5 cxd5 16.fxe4 Bxe4
17.Nxe4 Nxe4 18.Bxe4 dxe4 19.Rf5 Nc6 20.Ref1 f6 21.a3 Rac8 22.Rc5 Qd7 23.Ng4 Nxd4
24.Qc4+ Ne6 25.Rxc8 Rxc8 26.Qxe4 Ng5 27.Qg2 h5 28.Nf2 Rc2 29.h4 Nf7 30.Qf3 Qb5
31.Qe4 Qc6 32.Qxc6 bxc6 33.b4 axb4 34.axb4 Re2 35.Nd1 Ne5 36.Rf2 Re1+ 37.Rf1 Rxf1+
38.Kxf1 Nd3 39.b5 cxb5 40.Ke2 Nc5 41.Nf2 Kf7 42.g4 hxg4 43.Nxg4 Kg6 44.Nh2 Kh5
45.Nf3 Kg4 46.Nd4 b4 47.Kd2 g6 48.Nc6 b3 49.Ne7 Ne4+ 50.Kc1 Kh5 51.Kb2 Nd2
52.Kc3 b2 53.Kxb2 Nc4+ 54.Kc3 Nxe3 55.Kd3 Ng2 56.Ke4 Nxh4 57.Kf4 g5+ 58.Kg3 f5
59.Nd5 Kg6 60.Kh3 Nf3 61.Kg3 Nd4 62.Nc3 f4+ 63.Kg4 Nc6 64.Nd5 Ne5+ 65.Kh3 Kf5
66.Nc3 g4+ 67.Kg2 Nc4 68.Kf2 g3+ 69.Kg2 Kg4 70.Nd1 Ne3+  0-1

[Event "20th Kavala Open"]
[Site "Kavala GRE"]
[Date "2011.08.03"]
[Round "6"]
[White "Galopoulos,N"]
[Black "Kohlweyer,B"]
[Result "1-0"]
[WhiteElo "2327"]
[BlackElo "2494"]

1.d4 Nf6 2.c4 e6 3.g3 Bb4+ 4.Nd2 O-O 5.Nf3 d5 6.Bg2 a5 7.Qc2 a4 8.O-O a3
9.Rd1 Nc6 10.bxa3 Bxa3 11.Bxa3 Rxa3 12.Ne5 Qd6 13.Ndf3 Ne7 14.Rd3 Qa6 15.Rxa3 Qxa3
16.cxd5 Nexd5 17.Rc1 Ne8 18.Nc4 Qa7 19.e4 Ne7 20.Ne3 h6 21.d5 exd5 22.exd5 Qb6
23.Qe4 Qf6 24.Qd4 Qxd4 25.Nxd4 Bd7 26.Nc4 g5 27.Ne5 Bc8 28.Nb5 f6 29.Nd3 c6
30.dxc6 bxc6 31.Nd4 Ng7 32.Nb4 Bd7 33.Nbxc6 Nxc6 34.Bxc6 Bxc6 35.Rxc6 Rd8
36.Nb3 Kf7 37.a4 Ne6 38.a5 Rd3 39.Rb6 Nd4 40.Nxd4 Rxd4 41.a6 Ra4 42.Rb7+ Kg6
43.a7 Kf5 44.Kf1 Ra2 45.h3 h5 46.Rf7 Ke6 47.Rh7 Kf5 48.Kg2 Ra3 49.Re7 Ra1
50.Kf3 Ra3+ 51.Ke2 Ra2+ 52.Ke3 Ra1 53.Kd4 h4 54.Kc5 g4 55.hxg4+ Kxg4 56.gxh4 Kxh4
57.Rg7 f5 58.Kb6  1-0

[Event "112th US Open"]
[Site "Orlando USA"]
[Date "2011.08.03"]
[Round "3"]
[White "Gater,Daniel"]
[Black "Barnett,A"]
[Result "0-1"]
[WhiteElo "2136"]
[BlackElo "2254"]

1.d4 Nf6 2.c4 e6 3.g3 Bb4+ 4.Bd2 Qe7 5.Bg2 Nc6 6.Nf3 O-O 7.O-O Bxd2 8.Qxd2 d6
9.Nc3 e5 10.d5 Nb8 11.b4 a5 12.a3 Na6 13.Rab1 axb4 14.axb4 Nd7 15.Nb5 f5
16.c5 Nf6 17.cxd6 cxd6 18.Ng5 h6 19.Ne6 Bxe6 20.dxe6 d5 21.Nc3 Nc7 22.Qc2 Qxe6
23.Na4 Qc6 24.Qxc6 bxc6 25.Nc5 Rfb8 26.Nd3 Nd7 27.Rfc1 Rb6 28.b5 Rxb5 29.Rxb5 Nxb5
30.Rxc6 Ra1+ 31.Bf1 e4 32.Nf4 d4 33.Kg2 Kf7 34.Ng6 Ra2 35.Kg1 d3 36.exd3 Nd4
37.Rd6 Nf3+ 38.Kg2 Ne1+ 39.Kg1 e3 40.Nh4 Ne5 41.Bg2 Nxg2 42.Kxg2 e2  0-1

[Event "112th US Open"]
[Site "Orlando USA"]
[Date "2011.08.04"]
[Round "3"]
[White "Gater,Daniel"]
[Black "Kleiman,J"]
[Result "0-1"]
[WhiteElo "2136"]
[BlackElo "2375"]

1.d4 Nf6 2.c4 e6 3.g3 Bb4+ 4.Bd2 Bxd2+ 5.Qxd2 d5 6.Bg2 c6 7.Nf3 Nbd7 8.O-O O-O
9.Rc1 b6 10.b4 Ba6 11.Na3 Qe7 12.Qb2 Rfc8 13.b5 Bb7 14.cxd5 cxd5 15.Nc2 Ne4
16.Nb4 Nd6 17.Nc6 Bxc6 18.bxc6 Nb8 19.c7 Na6 20.Ne5 f6 21.Nc6 Qd7 22.Qa3 Nxc7
23.Nb4 Ncb5 24.Qd3 Rxc1+ 25.Rxc1 Rc8 26.Rb1 a5 27.Nc2 Rc3 28.Qd2 Qc6 29.Ne3 Nc4
30.Nxc4 Rxc4 31.e3 Nc3 32.Ra1 f5 33.Bf1 Ne4 34.Qd1 Rc2 35.f3 Ng5 36.h4 Rd2  0-1

[Event "20th ZMDI Open A"]
[Site "Dresden GER"]
[Date "2011.08.08"]
[Round "3.24"]
[White "Heinig,Wo"]
[Black "Weidel,A"]
[Result "1-0"]
[WhiteElo "2319"]
[BlackElo "2157"]

1.d4 Nf6 2.c4 e6 3.g3 Bb4+ 4.Bd2 Qe7 5.Bg2 Nc6 6.Nf3 Bxd2+ 7.Nbxd2 O-O 8.O-O a5
9.e4 e5 10.d5 Nb4 11.Ne1 d6 12.a3 Na6 13.b4 Bg4 14.f3 Bd7 15.Nd3 c6 16.dxc6 bxc6
17.Rb1 axb4 18.axb4 Rfd8 19.Qe2 Nc7 20.Nb3 Ne6 21.f4 Ra3 22.Qb2 Rda8 23.fxe5 dxe5
24.Ra1 Rxa1 25.Rxa1 Rxa1+ 26.Qxa1 Qd6 27.Qc3 Nd4 28.Nxd4 exd4 29.Qa1 h6 30.e5 Qe6
31.Qxd4 Ng4 32.h3  1-0

[Event "24th Panevezys Open"]
[Site "Panevezys LTU"]
[Date "2011.08.09"]
[Round "1.5"]
[White "Khamitskiy,S"]
[Black "Apanaviciute,K"]
[Result "1-0"]
[WhiteElo "2316"]
[BlackElo "1974"]

1.d4 Nf6 2.c4 e6 3.g3 Bb4+ 4.Nd2 O-O 5.Bg2 c6 6.Nf3 d5 7.Qc2 Nbd7 8.O-O Re8
9.Rd1 Bf8 10.e4 dxe4 11.Nxe4 Nxe4 12.Qxe4 Nf6 13.Qc2 h6 14.Bf4 Bd6 15.Bxd6 Qxd6
16.c5 Qc7 17.Ne5 Nd5 18.Rab1 b5 19.cxb6 axb6 20.b4 Bb7 21.a4 Rec8 22.Nc4 b5
23.Nb2 Nxb4 24.Qb3 Nd5 25.Bxd5 exd5 26.axb5 cxb5 27.Qxb5 Bc6 28.Qf1 Ra2 29.Nd3 Ra5
30.Rdc1 Qa7 31.Qh3 Rc7 32.Rc5 Bd7 33.Qh5 Ra1 34.Qd1 Rxb1 35.Qxb1 Rb7 36.Qd1 Qa2
37.Rc2 Rb1 38.Rc1 Rxc1 39.Qxc1 Qe2 40.Nf4 Qe4 41.Qe3 Qb1+ 42.Kg2 Bb5 43.h4 Bf1+
44.Kh2 Qf5 45.Kg1 Bb5 46.h5 Qg5 47.Kg2 Qf5 48.Qe5 Qxe5 49.dxe5 Bc4 50.Kf3 Kh7
51.Ke3 Kg8 52.Kd4 Kf8 53.f3 Bb3 54.Nxd5 Bd1 55.Ke4 Ke8 56.g4 Kd7 57.Ne3 Ba4
58.Nf5 Bc6+ 59.Kf4 g5+ 60.hxg6 fxg6 61.Nxh6 Ke6 62.g5 Bd5 63.Ng4 Bb7 64.Ne3 Bc6
65.Ng2 Bd5 66.Ne3 Bc6 67.Nc2 Ba4 68.Nb4 Bb5 69.Ke4 Ba4 70.f4 Bb3 71.Ke3 Kf5
72.Nc6 Bf7 73.Nd4+ Kg4 74.e6 Be8 75.Ke4 Kg3 76.Ke5 Kg4 77.e7  1-0

[Event "50th World Juniors"]
[Site "Chennai IND"]
[Date "2011.08.10"]
[Round "8.41"]
[White "Navalgund,N"]
[Black "Ikeda,J"]
[Result "1/2-1/2"]
[WhiteElo "2188"]
[BlackElo "2349"]

1.d4 Nf6 2.c4 e6 3.g3 Bb4+ 4.Bd2 Be7 5.Bg2 d5 6.Nf3 O-O 7.O-O c6 8.Qc2 b6
9.Rd1 Ba6 10.b3 Nbd7 11.Bf4 Nh5 12.Bc1 Nhf6 13.Bf4 Rc8 14.Nc3 Nh5 15.Ne5 Nxe5
16.dxe5 Nxf4 17.gxf4 f6 18.exf6 Rxf6 19.e3 Qf8 20.Ne2 Rh6 21.Nd4 Qf7 22.f5 Qh5
23.Nxe6 Qxh2+ 24.Kf1 Bf6 25.Rac1 Rh5 26.e4 Kh8 27.exd5 cxd5 28.Bxd5 Rh4 29.Qd3 Rg4
30.Qf3 Rg1+ 31.Ke2 Rxd1 32.Rxd1 Qe5+ 33.Qe4 Qb2+ 34.Rd2 Qc1 35.Nf4 Bg5 36.Qe3 Bh6
37.f6 Qg1 38.Be6 Rf8 39.f7 Qg5 40.Rd4 Bb7 41.Nd5 Qg1 42.Qd3 Qa1 43.a4 Qb2+
44.Kf1 a6 45.Re4 Bc6 46.Re2 Qc1+ 47.Re1 Qg5 48.Qg3 Qd8 49.Rd1 g6 50.Rd3 b5
51.axb5 axb5 52.Qe5+ Bg7 53.Qc7 Qa8 54.c5 b4 55.Kg2 Bb5 56.Rd2 Qa1 57.Ne3 Qf6
58.Bd5 Qg5+ 59.Qg3 Qh5 60.c6 Be5 61.Qh3 Qg5+ 62.Qg4 Qh6 63.Qh3 Qg5+ 64.Kh1 Rd8
65.Ra2 Qf6 66.Ng4 Qd6 67.Bf3 Bg7 68.Rc2 Bd3 69.Rc1 Qc7 70.Ne3 Ba6 71.Bd5 Bd4
72.Qf3 Qe7 73.Qe4 Qxe4+ 74.Bxe4 Kg7 75.Nd5 Kxf7 76.Nxb4 Bc8 77.f3 Be5 78.Nd3 Bc7
79.b4 Ba6 80.Nc5 Bb5 81.Ra1 Bb6 82.Nd7 Be3 83.Ra5 Be2 84.b5 g5 85.b6 g4 86.fxg4 Ke7
87.b7 Bf4 88.Rf5 Bc7 89.Rh5 Bxg4 90.Rxh7+ Kd6 91.Nf6 Be6 92.Bg2 Bb8 93.Kg1 Ba7+
94.Kh2 Bb8 95.Kh1 Bc7 96.Nh5 Bf5 97.Rh6+ Kc5 98.Bf3 Kb6 99.Ng7 Rf8 100.Rh4 Bd3
101.Bg2 Bd6 102.Ne6 Re8 103.Rd4 Rh8+ 104.Kg1 Bh2+ 105.Kf2 Bb5 106.Rb4 Ka5
107.Rb1 Bd3 108.Rd1 Ba6 109.c7 Bxc7 110.Nxc7 Bxb7 111.Ra1+ Kb6 112.Rb1+ Kxc7
113.Rxb7+ Kd6 114.Ke3 Rh2 115.Be4 Kc5 116.Rc7+ Kd6 117.Rc8 Ke5 118.Re8+ Kd6
119.Kd4 Rd2+ 120.Bd3 Ra2 121.Rh8 Rd2 122.Rh6+ Ke7 123.Ke3 Ra2 124.Be4 Ra1
125.Kd4 Rd1+ 126.Ke5 Re1 127.Rh7+ Ke8 128.Ra7 Re2 129.Kd5 Kf8 130.Ke5 Ke8
131.Kf5 Kd8 132.Rh7 Re1 133.Kf4 Rf1+ 134.Ke5 Re1 135.Kd6 Ke8 136.Bd5 Kf8
137.Rf7+ Ke8 138.Rf4 Rd1 139.Rf2 Rd4 140.Ke5 Rd1 141.Kd6 Rd4 142.Rh2 Rf4
143.Rh8+ Rf8 144.Rh7 Rf6+ 145.Be6 Kf8 146.Ra7 Rf1 147.Ke5 Ke8 148.Rg7 Re1+
149.Kd6 Rd1+ 150.Bd5 Rf1 151.Rg2 Rf4 152.Ke6 Kf8 153.Kd7 Rg4  1/2-1/2

[Event "50th World Juniors"]
[Site "Chennai IND"]
[Date "2011.08.10"]
[Round "8.12"]
[White "Pap,G"]
[Black "Swayams,M"]
[Result "1/2-1/2"]
[WhiteElo "2513"]
[BlackElo "2378"]

1.d4 Nf6 2.c4 e6 3.g3 Bb4+ 4.Nd2 d5 5.Bg2 O-O 6.Nf3 dxc4 7.Qc2 Nc6 8.Qxc4 Ne4
9.Qd3 Nxd2 10.Bxd2 Bxd2+ 11.Qxd2 Qd6 12.Qc3 Rd8 13.O-O Bd7 14.Rfc1 Be8 15.e3 Rac8
16.Ng5 Qe7 17.Ne4 b6 18.a3 Nb8 19.Qb4 c5 20.dxc5 Na6 21.Qc4 Nxc5 22.b4 Nxe4
23.Qxe4 a5 24.Qb7 Qxb7 25.Bxb7 Rxc1+ 26.Rxc1 axb4 27.axb4 Kf8 28.Be4 h6 29.Kg2 Ke7
30.Rc7+ Rd7 31.Rc8 Rd8 32.Rc2 Bd7 33.Rc7 Rc8 34.Rb7 Rc4 35.Bf3 b5 36.Ra7 Kd6
37.Ra6+ Ke7 38.Ra7 Kd6  1/2-1/2

[Event "50th World Juniors"]
[Site "Chennai IND"]
[Date "2011.08.11"]
[Round "9.29"]
[White "Turqueza,M"]
[Black "Petenyi,T"]
[Result "1-0"]
[WhiteElo "2235"]
[BlackElo "2398"]

1.d4 Nf6 2.c4 e6 3.g3 Bb4+ 4.Bd2 a5 5.Bg2 O-O 6.Nf3 b6 7.O-O Bb7 8.Bf4 Be7
9.Nc3 Ne4 10.Rc1 Na6 11.a3 f5 12.d5 Nxc3 13.Rxc3 Nc5 14.dxe6 Bf6 15.Rc2 Nxe6
16.Be5 d6 17.Nd4 dxe5 18.Nxe6 Qxd1 19.Rxd1 Bxg2 20.Kxg2 Rf7 21.c5 Re7 22.Nd8 Re8
23.Nc6 Re6 24.cxb6 cxb6 25.Rd5 Kf8 26.Rb5 Ra6 27.Nb8 Ra7 28.Rc6 Kf7 29.Rbxb6 Re8
30.Rc5 a4 31.Nc6 Rc7 32.Ra5 Re6 33.Raa6 Kg6 34.Nb4 Rxb6 35.Rxb6 Rd7 36.Nd3 Kf7
37.Nc5 Ra7 38.h3 e4 39.Rb5 g6 40.g4 Bg7 41.e3 Bf6 42.Rb6 Ra5 43.Nb7 Rd5 44.gxf5 gxf5
45.Nd6+ Ke7 46.Nc4 Rd3 47.Rb4 Ke6 48.Rxa4 f4 49.exf4 Bd4 50.Ne3 Kf6 51.Ra6+ Kf7
52.Nc4 Ke7 53.Rd6 Ba7 54.Rh6 Bb8 55.Ne5 Bxe5 56.fxe5 Rd2 57.Rb6 e3 58.Kf1 Rxf2+
59.Ke1 Rh2 60.a4 Rxh3 61.a5 h5 62.a6 h4 63.Ke2 Rh1 64.a7 Ra1 65.Rh6 h3 66.Kxe3 h2
67.Rxh2 Ke6 68.Kd4 Ra4+ 69.b4 Rxb4+ 70.Kc5 Ra4 71.Kb6 Rb4+ 72.Ka5 Rb1 73.Ra2  1-0

[Event "Split Open"]
[Site "Split CRO"]
[Date "2011.08.12"]
[Round "8.14"]
[White "Dragomirescu,C"]
[Black "Brulic,D"]
[Result "1/2-1/2"]
[WhiteElo "2215"]
[BlackElo "2325"]

1.d4 Nf6 2.c4 e6 3.g3 Bb4+ 4.Bd2 Qe7 5.Bg2 Nc6 6.Nf3 d6 7.Bxb4 Nxb4 8.Nc3 a5
9.a3 Nc6 10.O-O O-O 11.e4 e5 12.d5 Nb8 13.Ne1 Na6 14.Nd3 Nc5 15.Qc2 Nxd3
16.Qxd3 a4 17.Qc2 Bd7 18.Rac1 h5 19.h4 Ng4 20.Qd2 Kh7 21.Nd1 b6 22.Ne3 Nxe3
23.Qxe3 Ra5 24.Kh2 Rc5 25.Bh3 Bxh3 26.Kxh3 f5 27.exf5 Rxf5 28.Qe4 g6 29.Kg2 Qd7
30.Rc3 Rf7 31.Re1 Qf5 32.f3 Kg7 33.Qxf5 gxf5 34.Kh3 Kh6 35.Rg1 Rf6 36.g4 fxg4+
37.fxg4 Rf4 38.g5+ Kg6 39.Rgg3 Rd4  1/2-1/2

[Event "7th Gazi-Heraklion Open"]
[Site "Heraklion GER"]
[Date "2011.08.13"]
[Round "9"]
[White "Ris,R"]
[Black "Mirzoev,A"]
[Result "0-1"]
[WhiteElo "2395"]
[BlackElo "2415"]

1.d4 Nf6 2.c4 e6 3.g3 Bb4+ 4.Bd2 c5 5.Nf3 b6 6.Bg2 Bb7 7.O-O Bxd2 8.Qxd2 O-O
9.Nc3 d6 10.Rfd1 Qe7 11.dxc5 dxc5 12.Qd6 Nc6 13.Ng5 Qxd6 14.Rxd6 Na5 15.Bxb7 Nxb7
16.Rd2 Rfd8 17.Rad1 Rxd2 18.Rxd2 Kf8 19.f3 Ke7 20.Nge4 Ne8 21.Kf1 h6 22.e3 Na5
23.b3 Nc6 24.Ke2 f5 25.Nf2 Nf6 26.Nd3 g5 27.a3 Rc8 28.b4 Nd7 29.f4 cxb4 30.axb4 gxf4
31.gxf4 a5 32.b5 Ncb8 33.Nb2 Nc5 34.Kf3 Nbd7 35.Rd1 Rg8 36.Nba4 h5 37.h4 Rg4
38.Rh1 Kd6 39.Rd1+ Kc7 40.Rh1 Nb3 41.Nb2 Nd2+ 42.Kf2 Nc5 43.Rg1 Nde4+ 44.Nxe4 Nxe4+
45.Kf1 Kd6  0-1

[Event "24th Panevezys Open"]
[Site "Panevezys LTU"]
[Date "2011.08.14"]
[Round "7.11"]
[White "Vanagaite,G"]
[Black "Apanaviciute,K"]
[Result "1/2-1/2"]
[WhiteElo "1942"]
[BlackElo "1974"]

1.d4 Nf6 2.c4 e6 3.g3 Bb4+ 4.Bd2 c5 5.Bxb4 cxb4 6.Bg2 a5 7.Nf3 O-O 8.O-O d6
9.a3 bxa3 10.bxa3 Nc6 11.Nc3 Bd7 12.Rb1 Rb8 13.e3 Qe7 14.Qe2 Rfc8 15.Rb3 a4
16.Rb6 Na5 17.Nd2 Nxc4 18.Nxc4 d5 19.Nxd5 exd5 20.Ne5 Qxa3 21.Rxf6 Be6 22.Rxe6 fxe6
23.Bh3 Qe7 24.Qb5 a3 25.Nd7 Qe8 26.Bxe6+ Qxe6 27.Nxb8 Rxb8 28.Ra1 Qd6 29.Qa5 b5
30.Rxa3 Qc6 31.Rc3 Qg6 32.Qc7 Rf8 33.Qe5 Qb1+ 34.Kg2 Qb2 35.Rc8 Qxf2+ 36.Kh3 Qf1+
37.Kh4 Rxc8 38.Qe6+ Qf7 39.Qxc8+ Qf8 40.Qe6+ Qf7 41.Qc8+  1/2-1/2

[Event "Recklinghaeuser Open"]
[Site "Recklinghausen GER"]
[Date "2011.08.15"]
[Round "1"]
[White "Fischoeder,H"]
[Black "Schlepuetz,Volker"]
[Result "1-0"]
[WhiteElo "1989"]
[BlackElo "1392"]

1.d4 Nf6 2.c4 e6 3.g3 Bb4+ 4.Bd2 Qe7 5.Bg2 d5 6.Nf3 dxc4 7.Qa4+ Nc6 8.Ne5 Bxd2+
9.Nxd2 O-O 10.Nxc6 bxc6 11.Nxc4 Bd7 12.O-O c5 13.Qa3 Rab8 14.Rac1 Rb4 15.Qxa7 Bb5
16.b3 cxd4 17.Qxd4 Rd8 18.Qe3 Bxc4 19.Rxc4 Rxc4 20.bxc4 Qb4 21.Rc1 Qd2 22.Qxd2 Rxd2
23.a4 Ra2 24.Bc6 Kf8 25.h3 Ke7 26.Rd1 Rxe2 27.Ra1 Kd6 28.Bf3 Rc2 29.a5 Nd7
30.a6 Nb6 31.a7 Rxc4 32.Ra6 Rc3  1-0

[Event "10th Lichtenberger Sommer"]
[Site "Berlin GER"]
[Date "2011.08.16"]
[Round "4.47"]
[White "Horbach,Fabian"]
[Black "Gross,T"]
[Result "0-1"]
[WhiteElo "2022"]
[BlackElo "2150"]

1.d4 Nf6 2.c4 e6 3.g3 Bb4+ 4.Bd2 a5 5.Nf3 Ne4 6.a3 Be7 7.Qc2 d5 8.Bg2 Nd7
9.cxd5 exd5 10.Bf4 c6 11.Nc3 Nxc3 12.Qxc3 O-O 13.O-O Nf6 14.Nd2 Re8 15.f3 Nh5
16.e4 Nxf4 17.gxf4 Bd6 18.e5 Bc7 19.Rf2 Qh4 20.Qe3 a4 21.Nf1 Bb6 22.Ng3 Ra5
23.Rc1 Rb5 24.Bf1 Ra5 25.Bd3 f6 26.Ne2 Qh6 27.Rg2 fxe5 28.Rg5 e4 29.Kh1 Bd8
30.Rg3 Bf6 31.fxe4 dxe4 32.Nc3 Rh5 33.Rc2 Kf8 34.Bxe4 Rh4 35.Rf2 Bf5 36.Rgf3 Qg6
37.Rg2 Qf7 38.Qd3 Bxe4 39.Nxe4 Rd8 40.Ng5 Qd5 41.Re3 Bxg5 42.Re5 Rxh2+ 43.Kxh2 Bxf4+  0-1

[Event "Shepetivka Open"]
[Site "Shepetivka UKR"]
[Date "2011.08.19"]
[Round "6.8"]
[White "Rudenkov,S"]
[Black "Ivanov,AndA"]
[Result "1/2-1/2"]
[WhiteElo "2021"]
[BlackElo "2239"]

1.d4 Nf6 2.c4 e6 3.g3 Bb4+ 4.Bd2 c5 5.Bxb4 cxb4 6.Bg2 Nc6 7.Nf3 d5 8.Ne5 Bd7
9.Nd2 Nxd4 10.cxd5 exd5 11.Ndc4 dxc4 12.Qxd4 Be6 13.Qxd8+ Rxd8 14.Bxb7 O-O
15.Rd1 Rxd1+ 16.Kxd1 b3 17.axb3 cxb3 18.Kd2 Rb8 19.Bf3 Rd8+ 20.Nd3 g5 21.Rc1 Nd7
22.Rc7 Ne5 23.Kc3 Nxd3 24.exd3 a5 25.Rc5 h6 26.d4 a4 27.d5 Bd7 28.Be4 Kg7
29.Ra5 Rc8+ 30.Kd4 Rc1 31.Ra7 Rd1+ 32.Ke5 Be8 33.Ra8 Bb5 34.Ra5 Be8 35.Ra8 Bb5
36.Ra5 Be8  1/2-1/2

[Event "PK NBSB Open A"]
[Site "Roosendaal NED"]
[Date "2011.08.21"]
[Round "6"]
[White "Konings,F"]
[Black "Van Eck,T"]
[Result "1-0"]
[WhiteElo "2280"]
[BlackElo "2037"]

1.d4 Nf6 2.c4 e6 3.g3 Bb4+ 4.Bd2 Qe7 5.Bg2 d5 6.Nc3 O-O 7.Nf3 Bxc3 8.Bxc3 Ne4
9.Qc2 f5 10.O-O b6 11.Nd2 Nxc3 12.Qxc3 c6 13.Rac1 Bb7 14.b4 Nd7 15.Qb3 Nf6
16.a4 a6 17.a5 Nd7 18.axb6 Nxb6 19.Ra1 e5 20.cxd5 cxd5 21.dxe5 Qxe5 22.e3 Rac8
23.Rac1 Rxc1 24.Rxc1 Rc8 25.Rc5 Rd8 26.Qa2 Qe7 27.Nb3 Nc4 28.Nd4 Qf7 29.Nc6 Rd6
30.Bxd5 Rxd5 31.Rxd5 Bxc6 32.Rc5  1-0

[Event "26th Schwarzacher Open"]
[Site "Schwarzach AUT"]
[Date "2011.08.24"]
[Round "5"]
[White "Seisenberger,Georg"]
[Black "Neulinger,M"]
[Result "0-1"]
[WhiteElo "2055"]
[BlackElo "2246"]

1.d4 Nf6 2.c4 e6 3.g3 Bb4+ 4.Bd2 a5 5.Nc3 O-O 6.Bg2 Nc6 7.Nf3 d6 8.O-O h6
9.a3 Bxc3 10.Bxc3 Ne4 11.Rc1 e5 12.d5 Nxc3 13.Rxc3 Ne7 14.e4 Bg4 15.h3 Bxf3
16.Qxf3 c5 17.Qe2 Ng6 18.h4 Re8 19.Bh3 b6 20.Qd2 Ra7 21.Kg2 a4 22.Rb1 Nf8
23.f4 exf4 24.Bf5 g6 25.Qxf4 gxf5 26.exf5 Qf6 27.Rh1 Rae7 28.Rf3 Re2+ 29.Kh3 Rxb2
30.g4 Rb3 31.Rf1 Nh7 32.g5 hxg5 33.Qg4 Kh8 34.Rxb3 axb3 35.h5 b2  0-1

[Event "3rd Senica Open"]
[Site "Senica SVK"]
[Date "2011.08.25"]
[Round "6.19"]
[White "Wasik,Joz"]
[Black "Haring,V"]
[Result "0-1"]
[WhiteElo "1838"]
[BlackElo "1964"]

1.d4 Nf6 2.c4 e6 3.g3 Bb4+ 4.Bd2 c5 5.dxc5 Bxc5 6.e3 Nc6 7.Nc3 d5 8.cxd5 Nxd5
9.a3 O-O 10.Bg2 a5 11.Qh5 g6 12.Qh6 Be7 13.Nf3 Bf6 14.Nxd5 exd5 15.Bc3 d4
16.O-O-O Bf5 17.Rxd4 Nxd4 18.Bxd4 Qc7+ 19.Kd1 Qc2+ 20.Ke1 Bd3  0-1

[Event "BDO Premier"]
[Site "Haarlem NED"]
[Date "2011.08.27"]
[Round "8.5"]
[White "D'Costa,L"]
[Black "Turov,M"]
[Result "1/2-1/2"]
[WhiteElo "2425"]
[BlackElo "2630"]

1.d4 Nf6 2.c4 e6 3.g3 Bb4+ 4.Bd2 a5 5.Bg2 d6 6.Nf3 Nc6 7.O-O e5 8.Bg5 exd4
9.Nxd4 Nxd4 10.Qxd4 h6 11.Bxf6 Qxf6 12.Qxf6 gxf6 13.Rc1 c6 14.Nc3 a4 15.e3 Be6
16.Ne2 Ke7 17.Nf4 Bc5 18.Be4 Ra5 19.Rab1 Rc8 20.b4 axb3 21.axb3 Bb6 22.b4 Raa8
23.c5 Bc7 24.cxd6+ Bxd6 25.Nxe6 fxe6 26.b5 Rab8 27.bxc6 bxc6 28.Rxb8 Bxb8  1/2-1/2

[Event "23rd Schlosspark-Open"]
[Site "Wiesbaden GER"]
[Date "2011.08.27"]
[Round "4.7"]
[White "Weiler,D"]
[Black "Nagel,B"]
[Result "0-1"]
[WhiteElo "2142"]
[BlackElo "2277"]

1.d4 Nf6 2.c4 e6 3.g3 Bb4+ 4.Bd2 Qe7 5.Nf3 Nc6 6.Nc3 Bxc3 7.Bxc3 d5 8.Bg2 Ne4
9.O-O O-O 10.Nd2 Nxc3 11.bxc3 dxc4 12.Nxc4 Bd7 13.a4 Rab8 14.Qc2 f6 15.f4 Nd8
16.Be4 h6 17.Bf3 Nf7 18.e4 e5 19.Ne3 c6 20.Rfe1 Rbd8 21.Rad1 Bc8 22.Qb3 Kh7
23.Nc4 Nd6 24.Nxd6 Qxd6 25.dxe5 Qc5+ 26.Kg2 fxe5 27.f5 b5 28.a5 Qe7 29.Rxd8 Rxd8
30.Rd1 Rxd1 31.Qxd1 Qd7 32.Qb3 c5 33.Qa3 Qd2+ 34.Kh3 Qe3 35.Bh5 Qg5 36.g4 Qe3+
37.Kh4 Qf2+ 38.Kh3 Qf3+ 39.Kh4 Qg2 40.c4 Qxh2+ 41.Qh3 Qxh3+ 42.Kxh3 bxc4
43.g5 hxg5 44.Bd1 Ba6 45.Kg4 c3 46.Bc2 Kh6 47.Kg3 Bc4 48.Kf2 g4  0-1

[Event "31st Presolana Open"]
[Site "Presolana ITA"]
[Date "2011.08.28"]
[Round "9.1"]
[White "Arun Prasad,S"]
[Black "Fedorchuk,S"]
[Result "1/2-1/2"]
[WhiteElo "2489"]
[BlackElo "2618"]

1.d4 Nf6 2.c4 e6 3.g3 Bb4+ 4.Bd2 Bxd2+ 5.Qxd2 d5 6.Nf3 O-O 7.Bg2 Qe7 8.O-O Rd8
9.Qc2 c6 10.Nbd2 Nbd7 11.e4 dxe4 12.Nxe4 c5 13.Rad1 Nxe4 14.Qxe4 Nf6 15.Qe5 cxd4
16.Rxd4 Bd7 17.Nh4 Bc6 18.Nf5 Qf8 19.Bxc6 bxc6 20.Nh6+ gxh6 21.Qxf6 Rxd4
22.Qxd4 c5 23.Qe5 Rd8 24.Re1 Rd4 25.b3 Qd6 26.Qxd6 Rxd6 27.Re5 Rd2 28.Rxc5 Rxa2
29.b4 a6 30.b5 axb5 31.cxb5 Rb2 32.Rc8+ Kg7 33.Rb8 h5 34.Kg2 h4 35.b6 hxg3
36.hxg3 Kf6 37.Kf3 Ke5 38.Rh8  1/2-1/2

[Event "10th Sunny Beach Open"]
[Site "Sunny Beach BUL"]
[Date "2011.08.28"]
[Round "2.26"]
[White "Bagdasarov,V"]
[Black "Stojcevski,Z"]
[Result "0-1"]
[WhiteElo "2158"]
[BlackElo "2352"]

1.d4 Nf6 2.c4 e6 3.g3 Bb4+ 4.Bd2 Bxd2+ 5.Nxd2 Nc6 6.Ngf3 d6 7.Bg2 e5 8.d5 Ne7
9.e4 O-O 10.Qc2 h6 11.O-O Nh7 12.c5 f5 13.cxd6 cxd6 14.Rfc1 Nf6 15.Nh4 fxe4
16.Bxe4 Nxe4 17.Qxe4 Qb6 18.Rf1 Bh3 19.Nc4 Qc5 20.b4 Qxd5 21.Qxd5+ Nxd5 22.Rfd1 Nxb4
23.Rxd6 Nc6 24.Re1 Rf6 25.Rd3 Raf8 26.f4 exf4 27.gxf4 Rxf4 28.Rxh3 Rxc4 29.Ng6 Rg4+
30.Rg3 Rxg3+ 31.hxg3 Rf5 32.Kg2 Kf7 33.Nf4 Ra5 34.Re2 Nb4 35.Kh3 Rxa2 36.Re3 a5
37.Kg4 Rc2 38.Re5 b6 39.Rf5+ Kg8 40.Ne6 Rc6 41.Rf8+ Kh7 42.Re8 Kg6 43.Nf4+ Kf7
44.Re4 g6 45.Kh3 Rd6 46.Rc4 Nc6 47.Ng2 Ne5 48.Rf4+ Kg7 49.Re4 Kf6 50.Rf4+ Ke6
51.Rh4 h5 52.Re4 g5 53.Ne1 Kf5 54.Re2 b5 55.Rf2+ Ke6 56.Re2 a4 57.Nc2 Rd3
58.Nb4 Rc3 59.Na2 Rb3 60.Nc1 Ra3  0-1

[Event "City of Dublin IM"]
[Site "Dublin IRL"]
[Date "2011.08.29"]
[Round "8"]
[White "Martyn,R"]
[Black "Daly,C"]
[Result "1/2-1/2"]
[WhiteElo "2264"]
[BlackElo "2305"]

1.d4 Nf6 2.c4 e6 3.g3 Bb4+ 4.Bd2 Qe7 5.Bg2 Nc6 6.e3 Bxd2+ 7.Qxd2 d6 8.Nc3 e5
9.d5 Nb8 10.Nge2 h5 11.h3 Nbd7 12.f4 a5 13.O-O Nc5 14.Rae1 Bd7 15.b3 Kf8
16.Nc1 g6 17.a3 Kg7 18.b4 axb4 19.axb4 Na4 20.Nd3 e4 21.Nf2 Nxc3 22.Qxc3 Kh7
23.Ra1 c6 24.Qd4 cxd5 25.cxd5 Bf5 26.Rfc1  1/2-1/2

[Event "Richard Reti Mem"]
[Site "Trnava SVK"]
[Date "2011.08.30"]
[Round "2.1"]
[White "Krejci,Jan2"]
[Black "Jurcik,Mart"]
[Result "1-0"]
[WhiteElo "2503"]
[BlackElo "2360"]

1.d4 Nf6 2.c4 e6 3.g3 Bb4+ 4.Nd2 d5 5.Bg2 O-O 6.Qc2 c6 7.Nf3 Nbd7 8.O-O b6
9.e4 Bb7 10.e5 Ne8 11.h4 Be7 12.Rd1 h6 13.b3 Nc7 14.Bb2 c5 15.Rac1 Rc8 16.Nf1 dxc4
17.bxc4 Bxf3 18.Bxf3 cxd4 19.Rxd4 Bc5 20.Rd3 Na6 21.Qa4 Nab8 22.Rcd1 Rc7
23.Nd2 Qc8 24.Ne4 a6 25.Qc2 Be7 26.Qe2 Rxc4 27.Nd6 Bxd6 28.exd6 Qc5 29.Rd4 Rc2
30.R4d2 Rxd2 31.Rxd2 Nf6 32.Bd4 Qa5 33.Rb2 b5 34.g4 Nfd7 35.g5 hxg5 36.hxg5 Qd8
37.Qe3 e5 38.Bc3 g6 39.Rb4 Re8 40.Rh4 Qb6 41.Qd2 Nc6 42.Bd5 Nd8 43.Ba5 Qc5
44.Qd3 Ne6 45.Qh3  1-0

[Event "18th Graz Open"]
[Site "Graz AUT"]
[Date "2011.08.31"]
[Round "5"]
[White "Schreiner,Pe"]
[Black "Ikonnikov,Vy"]
[Result "1/2-1/2"]
[WhiteElo "2326"]
[BlackElo "2553"]

1.d4 Nf6 2.c4 e6 3.g3 Bb4+ 4.Bd2 Qe7 5.Nf3 Nc6 6.Nc3 O-O 7.Bg2 a5 8.O-O d6
9.d5 Nb8 10.dxe6 fxe6 11.Ne1 Nbd7 12.Nd3 Nc5 13.Nxb4 axb4 14.Nb1 b3 15.a3 Nfd7
16.Nc3 Ne5 17.Be3 Nxc4 18.Bxc5 dxc5 19.Qc1 Nd6 20.Ne4 Nxe4 21.Bxe4 Ra4 22.Bd3 Rd4
23.Qc3 b6 24.Qxb3 Bb7 25.Qc2 h6 26.Rad1 Rfd8 27.e3 R4d6 28.Bh7+ Kh8 29.Rxd6 cxd6
30.Be4 d5 31.Bg2 e5 32.b4 c4 33.e4 b5 34.exd5 Bxd5 35.Bxd5 Rxd5 36.Qe4 Qd6
37.a4 bxa4 38.Qxc4 a3 39.Qc8+ Kh7 40.Qf5+ Kg8 41.Qc8+ Kf7 42.Qa8 Rd3 43.b5 Kf6
44.Kg2 Qd5+ 45.Qxd5 Rxd5 46.Ra1 Rd3 47.b6 Rb3 48.b7 Rxb7 49.Rxa3  1/2-1/2

[Event "1st Alghero Open"]
[Site "Alghero ITA"]
[Date "2011.09.01"]
[Round "7.1"]
[White "Ulibin,M"]
[Black "Sokolov,Ivan"]
[Result "1-0"]
[WhiteElo "2538"]
[BlackElo "2672"]

1.d4 Nf6 2.c4 e6 3.g3 Bb4+ 4.Bd2 Be7 5.Bg2 d5 6.Nf3 Nc6 7.O-O Ne4 8.Qc2 O-O
9.Rd1 a5 10.Be1 Nb4 11.Qc1 c5 12.Nc3 Bf6 13.Nxe4 dxe4 14.dxc5 Qc7 15.Nd2 e3
16.Ne4 exf2+ 17.Bxf2 Be5 18.Nd6 a4 19.Rb1 f6 20.Qd2 Na6 21.b4 axb3 22.axb3 Rd8
23.b4 Rb8 24.Rb3 b6 25.cxb6 Rxb6 26.c5 Rb8 27.Bf3 Bd7 28.Rdb1 Bb5 29.Nxb5 Rxb5
30.Qa2 Qc8 31.Qa4 Nc7 32.Bc6 Rb8 33.b5 Rd2 34.Bf3 Nd5 35.Qc4 Ra8 36.b6 Raa2
37.b7 Qb8 38.Rd3 Rdc2 39.Bxd5 Rxc4 40.Bxe6+ Kh8  1-0

[Event "10th Izmir Open"]
[Site "Izmir TUR"]
[Date "2011.09.05"]
[Round "6"]
[White "Morchiashvili,B"]
[Black "Kumsiashvili,N"]
[Result "1-0"]
[WhiteElo "2364"]
[BlackElo "2022"]

1.d4 Nf6 2.c4 e6 3.g3 Bb4+ 4.Bd2 Bxd2+ 5.Qxd2 d5 6.Bg2 Nbd7 7.Nf3 c6 8.b3 b6
9.O-O Bb7 10.Nc3 O-O 11.Rfd1 Rc8 12.a4 a6 13.e4 Nxe4 14.Nxe4 dxe4 15.Ng5 c5
16.Qe3 cxd4 17.Rxd4 Qe7 18.Bxe4 Bxe4 19.Nxe4 Nc5 20.Nd6 Rcd8 21.Rad1 Nb7
22.Nxb7 Rxd4 23.Rxd4 Qxb7 24.Rd6 Rb8 25.Qd4 h6 26.Rd7 Qc6 27.Rxf7 Kxf7 28.Qf4+ Kg6
29.Qxb8 Qe4 30.Qxb6 Qb1+ 31.Kg2 Qe4+ 32.Kf1 Qd3+ 33.Ke1 Qc3+ 34.Ke2 Qc2+
35.Ke3 Qc3+ 36.Ke4 Qe1+ 37.Qe3 Qb1+ 38.Ke5 Qf5+ 39.Kd6 Qe4  1-0